| 000 | 00373nam a22001457a 4500 | ||
|---|---|---|---|
| 020 | _qHB. | ||
| 040 | _cFIZZA ISHAQ | ||
| 082 |
_a624.151 _bmar |
||
| 100 |
_aMORISAWA, MARSTON. _991190 |
||
| 245 |
_aCHANGING THE FACE EARTH ENGINEERING / _cMARSTON MORISAWA. |
||
| 250 | _a1st ED. | ||
| 260 |
_aLONDON ; _bELSEVIER SCIENCE, _c2000. |
||
| 300 | _a448 P. ; | ||
| 942 |
_2ddc _cBK |
||
| 999 |
_c589352 _d589352 |
||